Три лика

Dades bibliogràfiques
Autor principal: Валеев Д. Н. Диас Назихович
Sumari:Исключено из фонда НТБ ТПУ
Idioma:rus
Publicat: Москва, Мысль, 1990
Format: MixedMaterials Llibre
KOHA link:https://koha.lib.tpu.ru/cgi-bin/koha/opac-detail.pl?biblionumber=372058

MARC

LEADER 00000nam0a2200000 4500
001 372058
005 20231101050001.0
010 |a 5244004263 
035 |a (RuTPU)RU\TPU\retro\29475 
035 |a RU\TPU\book\20480 
090 |a 372058 
100 |a 20221214d1990 k y0rusy50 ca 
101 0 |a rus 
102 |a RU 
105 |a y z 000zy 
200 1 |a Три лика  |f Д. Н. Валеев 
210 |a Москва  |c Мысль  |d 1990 
215 |a 269 с. 
333 |a Исключено из фонда НТБ ТПУ 
700 1 |a Валеев  |b Д. Н.  |g Диас Назихович 
801 0 |a RU  |b 63413507  |c 20011209  |g PSBO 
801 2 |a RU  |b 63413507  |c 20221214  |g PSBO 
942 |c BK